The third year

Guardat en:
Dades bibliogràfiques
Autor corporatiu: Government of India
Format: Llibre
Idioma:Undetermined
Publicat: Delhi United Press 1950
Etiquetes: Afegir etiqueta
Sense etiquetes, Sigues el primer a etiquetar aquest registre!
Thư viện lưu trữ: Trung tâm Học liệu Trường Đại học Cần Thơ
LEADER 00423nam a2200169Ia 4500
001 CTU_111108
008 210402s9999 xx 000 0 und d
082 |a 954 
082 |b T445 
110 |a Government of India 
245 4 |a The third year 
245 0 |c Government of India 
260 |a Delhi 
260 |b United Press 
260 |c 1950 
904 |i Giang 
980 |a Trung tâm Học liệu Trường Đại học Cần Thơ